[Event "WCPL 2018-9"]
[Site "?"]
[Date "2019.03.10"]
[Round "4.11"]
[White "Llewellyn, David"]
[Black "Jukes, Sam"]
[Result "1/2-1/2"]
[WhiteElo "1865"]
[BlackElo "1913"]
[PlyCount "67"]
[EventDate "2018.??.??"]
[EventType "team"]
[EventRounds "5"]
[EventCountry "WLS"]
[WhiteTeam "Abergavenny"]
[BlackTeam "The Full Ponty"]

1. d4 Nf6 2. c4 e6 3. Nc3 Bb4 4. f3 d5 5. a3 Bxc3+ 6. bxc3 O-O 7. cxd5 exd5 8.
e3 c5 9. Bd3 Nc6 10. Ne2 Re8 11. O-O Bd7 12. Ng3 Rc8 13. Ra2 cxd4 14. cxd4 Na5
15. Kh1 Nc4 16. Re2 Qa5 17. Nf5 b5 18. Bxc4 Bxf5 19. Bb3 Re7 20. g4 Be6 21.
Rff2 Rec7 22. Rc2 Ne8 23. e4 b4 24. Rxc7 Rxc7 25. axb4 Qa1 26. Rc2 Rxc2 27.
Bxc2 Nd6 28. Bf4 Qxd1+ 29. Bxd1 Nb5 30. Be3 Nc3 31. Bc2 dxe4 32. fxe4 Bxg4 33.
Kg2 a6 34. Kf2 1/2-1/2

[Event "WCPL 2018-9"]
[Site "?"]
[Date "2019.03.10"]
[Round "4.12"]
[White "Waterfield, John W"]
[Black "Parry, Matthew"]
[Result "0-1"]
[WhiteElo "1939"]
[BlackElo "1898"]
[PlyCount "66"]
[EventDate "2018.??.??"]
[EventType "team"]
[EventRounds "5"]
[EventCountry "WLS"]
[WhiteTeam "The Full Ponty"]
[BlackTeam "Abergavenny"]

1. e4 Nf6 2. Nc3 d5 3. e5 Nfd7 4. d4 c5 5. f4 cxd4 6. Qxd4 Nc6 7. Qxd5 e6 8.
Qd1 Bb4 9. Bd2 O-O 10. Nf3 Qb6 11. Bd3 h6 12. Qe2 Nc5 13. O-O-O Bxc3 14. Bxc3
Nb4 15. Bxb4 Qxb4 16. Nd4 Na4 17. c3 Qb6 18. Nb5 Nc5 19. Bb1 Bd7 20. Nd6 Rad8
21. h4 f5 22. exf6 Rxf6 23. b4 Na4 24. Qd3 g6 25. h5 Qf2 26. Rdf1 Qb2+ 27. Kd1
Nxc3+ 28. Ke1 Qc1+ 29. Kf2 Qxf4+ 30. Kg1 Qxf1+ 31. Qxf1 Rxf1+ 32. Kxf1 Nxb1 33.
hxg6 Bb5+ 0-1

[Event "WCPL 2018-9"]
[Site "?"]
[Date "2019.03.10"]
[Round "4.13"]
[White "Williams, A. Howard"]
[Black "Toczek, Grzegorz"]
[Result "0-1"]
[WhiteElo "2253"]
[BlackElo "2234"]
[PlyCount "44"]
[EventDate "2018.??.??"]
[EventType "team"]
[EventRounds "5"]
[EventCountry "WLS"]
[WhiteTeam "Cardigan"]
[BlackTeam "Cardiff"]

1. Nf3 c5 2. c4 Nf6 3. Nc3 d5 4. cxd5 Nxd5 5. e3 g6 6. Bc4 Nb6 7. Bb3 Bg7 8. d4
Na6 9. O-O O-O 10. Qe2 Qc7 11. Rd1 Bd7 12. h3 Rac8 13. d5 c4 14. Bc2 Nb4 15.
Bb1 Na4 16. Qe1 Nxc3 17. bxc3 Ba4 18. Ba3 Bxd1 19. Bxb4 Bxf3 20. gxf3 a5 21. d6
exd6 22. Ba3 b5 0-1

[Event "WCPL 2018-9"]
[Site "?"]
[Date "2019.03.10"]
[Round "4.14"]
[White "Brown, Thomas"]
[Black "Jones, Iolo C"]
[Result "1/2-1/2"]
[WhiteElo "2076"]
[BlackElo "2190"]
[PlyCount "79"]
[EventDate "2018.??.??"]
[EventType "team"]
[EventRounds "5"]
[EventCountry "WLS"]
[WhiteTeam "Cardiff"]
[BlackTeam "Cardigan"]

1. Nf3 Nf6 2. c4 e6 3. b3 b6 4. Bb2 Bb7 5. e3 Be7 6. g3 O-O 7. Bg2 d5 8. cxd5
Nxd5 9. O-O Nd7 10. a3 c5 11. Nc3 Rc8 12. Nxd5 Bxd5 13. d3 Bf6 14. Qc2 Bxb2 15.
Qxb2 Qf6 16. Qxf6 gxf6 17. Rab1 Rfd8 18. Rfd1 f5 19. d4 Be4 20. Rbc1 Bd5 21.
dxc5 Nxc5 22. b4 Ne4 23. Rxc8 Rxc8 24. Nd4 Bb7 25. f3 Nc3 26. Rd2 Nb1 27. Rd3
Nc3 28. Rd2 Nd5 29. f4 Kf8 30. Kf2 Rc3 31. Nxf5 Rxa3 32. e4 exf5 33. exd5 Ke8
34. Bh3 Bc8 35. Re2+ Kd8 36. d6 Be6 37. Re5 Ra2+ 38. Kg1 Ra1+ 39. Kf2 Ra2+ 40.
Kg1 1/2-1/2

[Event "WCPL 2018-9"]
[Site "?"]
[Date "2019.03.10"]
[Round "4.15"]
[White "Heap, Gerry"]
[Black "Jones, Derek"]
[Result "1-0"]
[WhiteElo "2094"]
[BlackElo "1937"]
[PlyCount "67"]
[EventDate "2018.??.??"]
[EventType "team"]
[EventRounds "5"]
[EventCountry "WLS"]
[WhiteTeam "Cardigan"]
[BlackTeam "Cardiff"]

1. Nf3 Nf6 2. c4 c5 3. g3 g6 4. Bg2 Bg7 5. Nc3 d5 6. cxd5 Nxd5 7. O-O O-O 8.
Nxd5 Qxd5 9. d3 Nc6 10. Be3 Bxb2 11. Rb1 Bg7 12. Qa4 Qh5 13. Rfc1 Nd4 14. Bxd4
cxd4 15. Rc7 e5 16. Qd1 Be6 17. Rbxb7 Bxa2 18. Rxa7 Rxa7 19. Rxa7 Be6 20. Ra5
f6 21. Nxd4 Bg4 22. Qa1 Bh6 23. Nf3 Rc8 24. Ra8 Qf5 25. Qa2+ Kh8 26. h3 Bxh3
27. Rxc8+ Qxc8 28. Bxh3 Qxh3 29. Qf7 Qc8 30. Qxf6+ Bg7 31. Qe7 Qa8 32. Ng5 h6
33. Ne6 Qg8 34. Kh2 1-0

[Event "WCPL 2018-9"]
[Site "?"]
[Date "2019.03.10"]
[Round "4.16"]
[White "Fathallah, Joe"]
[Black "Van Kemenade, Rudy"]
[Result "1/2-1/2"]
[WhiteElo "1959"]
[BlackElo "1924"]
[PlyCount "75"]
[EventDate "2018.??.??"]
[EventType "team"]
[EventRounds "5"]
[EventCountry "WLS"]
[WhiteTeam "Cardiff"]
[BlackTeam "Cardigan"]

1. d4 Nf6 2. c4 e5 3. dxe5 Ng4 4. Nf3 Bc5 5. e3 Nc6 6. Be2 O-O 7. O-O Re8 8.
Nbd2 Ncxe5 9. Nxe5 Nxe5 10. Nf3 a5 11. b3 Ra6 12. Bb2 Nxf3+ 13. Bxf3 Rh6 14. g3
d6 15. Bg2 Qg5 16. Qd5 Qxd5 17. cxd5 Bh3 18. Bc3 Bb6 19. Rac1 Bxg2 20. Kxg2 Rh5
21. Rfd1 Re4 22. Bd4 Bxd4 23. Rxd4 Rxd4 24. exd4 Rxd5 25. Rxc7 g6 26. Rxb7 Rxd4
27. Ra7 Rd5 28. Kf3 Kg7 29. Ke4 Re5+ 30. Kd4 Kf6 31. f4 Rc5 32. h3 g5 33. fxg5+
Rxg5 34. g4 h5 35. gxh5 Rxh5 36. Kc4 Ke6 37. Ra8 Rc5+ 38. Kd4 1/2-1/2

[Event "WCPL 2018-9"]
[Site "?"]
[Date "2019.03.10"]
[Round "4.17"]
[White "Watkin-Jones, Adam"]
[Black "Hurley, Jake"]
[Result "0-1"]
[WhiteElo "1810"]
[BlackElo "1837"]
[PlyCount "38"]
[EventDate "2018.??.??"]
[EventType "team"]
[EventRounds "5"]
[EventCountry "WLS"]
[WhiteTeam "Cardigan"]
[BlackTeam "Cardiff"]

1. Nf3 f5 2. g3 d6 3. d3 e5 4. Bg2 Be7 5. c4 a5 6. Nc3 Nf6 7. O-O O-O 8. d4
Nbd7 9. dxe5 dxe5 10. e4 fxe4 11. Nxe4 Kh8 12. Neg5 e4 13. Ne6 exf3 14. Nxd8
fxg2 15. Kxg2 Rxd8 16. Bf4 Nc5 17. Qe2 Ne6 18. Bxc7 Re8 19. Rad1 Nxc7 0-1

[Event "WCPL 2018-9"]
[Site "?"]
[Date "2019.03.10"]
[Round "4.18"]
[White "Chong, Kimberly"]
[Black "Haigh, Tony"]
[Result "1-0"]
[WhiteElo "1757"]
[BlackElo "1766"]
[PlyCount "27"]
[EventDate "2018.??.??"]
[EventType "team"]
[EventRounds "5"]
[EventCountry "WLS"]
[WhiteTeam "Cardiff"]
[BlackTeam "Cardigan"]

1. e4 Nf6 2. e5 Nd5 3. d4 d6 4. c4 Nb6 5. Nf3 Bg4 6. Be2 dxe5 7. c5 Nd5 8. Nxe5
Bxe2 9. Qxe2 c6 10. Nc3 g6 11. Ne4 Qc8 12. Nxg6 Qe6 13. Nxh8 Bg7 14. Nxf7 1-0

[Event "WCPL 2018-9"]
[Site "?"]
[Date "2019.04.28"]
[Round "5.1"]
[White "Kett, Tim"]
[Black "Williams, A. Howard"]
[Result "1/2-1/2"]
[WhiteElo "2197"]
[BlackElo "2242"]
[PlyCount "92"]
[EventDate "2018.??.??"]
[EventType "team"]
[EventRounds "5"]
[EventCountry "WLS"]
[WhiteTeam "The Full Ponty"]
[BlackTeam "Cardigan"]

1. e4 e5 2. Bc4 Nf6 3. d3 c6 4. Nf3 d5 5. Bb3 Bb4+ 6. c3 Bd6 7. Bg5 Be6 8. Nbd2
Nbd7 9. O-O O-O 10. d4 h6 11. Bh4 exd4 12. exd5 Bxd5 13. Bxd5 cxd5 14. Nxd4 Qc7
15. N2f3 Rfe8 16. Bxf6 Nxf6 17. Nb5 Qb6 18. Nxd6 Qxd6 19. Re1 Rxe1+ 20. Qxe1
Re8 21. Qd2 Qa6 22. Nd4 Qc4 23. a3 a6 24. f3 Kf8 25. Re1 Rxe1+ 26. Qxe1 Qd3 27.
Kf2 g6 28. Qe3 Qxe3+ 29. Kxe3 Ke7 30. b4 Kd6 31. Nb3 b6 32. a4 Ne8 33. a5 bxa5
34. Nxa5 Ng7 35. Nb7+ Kc7 36. Nc5 Nf5+ 37. Kf4 Kb6 38. g4 Nh4 39. Nd7+ Kb5 40.
Ne5 f6 41. Nd7 Ng2+ 42. Kg3 Ne3 43. Nxf6 Kc4 44. Nd7 Kxc3 45. Nb8 d4 46. Nxa6
d3 1/2-1/2

[Event "WCPL 2018-9"]
[Site "?"]
[Date "2019.04.28"]
[Round "5.2"]
[White "Jones, Iolo C"]
[Black "Adams, Mark"]
[Result "1-0"]
[WhiteElo "2187"]
[BlackElo "1971"]
[PlyCount "91"]
[EventDate "2018.??.??"]
[EventType "team"]
[EventRounds "5"]
[EventCountry "WLS"]
[WhiteTeam "Cardigan"]
[BlackTeam "The Full Ponty"]

1. d4 Nf6 2. Nf3 e6 3. c4 Bb4+ 4. Bd2 Qe7 5. Qc2 Nc6 6. e3 Bxd2+ 7. Nbxd2 a5 8.
a3 d6 9. Bd3 e5 10. O-O O-O 11. d5 Nb8 12. b4 axb4 13. axb4 Rxa1 14. Rxa1 Re8
15. e4 Na6 16. Rb1 Nd7 17. Qa4 Ndb8 18. Nb3 g6 19. Rc1 f5 20. c5 fxe4 21. Bxe4
Rf8 22. cxd6 cxd6 23. b5 Nc5 24. Nxc5 dxc5 25. Qc4 Qf6 26. Qxc5 Bf5 27. Qe3 Nd7
28. Nd2 Nb6 29. f3 Qd6 30. Qc5 Rd8 31. Qxd6 Rxd6 32. Nc4 Nxc4 33. Rxc4 Bd7 34.
Rc7 Bxb5 35. Rxb7 Bd7 36. Kf2 Kf7 37. Ke3 Kf6 38. Kd3 h5 39. Kc4 Be8 40. Kc5
Ra6 41. Rb8 Bf7 42. Rb6+ Rxb6 43. Kxb6 g5 44. Kc7 Be8 45. d6 Ke6 46. Bg6 1-0

[Event "WCPL 2018-9"]
[Site "?"]
[Date "2019.04.28"]
[Round "5.3"]
[White "Gilbert, Jonathan A."]
[Black "Heap, Gerry"]
[Result "0-1"]
[WhiteElo "2026"]
[BlackElo "2100"]
[PlyCount "70"]
[EventDate "2018.??.??"]
[EventType "team"]
[EventRounds "5"]
[EventCountry "WLS"]
[WhiteTeam "The Full Ponty"]
[BlackTeam "Cardigan"]

1. e4 c5 2. Nf3 e6 3. d4 cxd4 4. Nxd4 Nf6 5. Nc3 d6 6. Be3 a6 7. g4 h5 8. gxh5
b5 9. Bg2 Bb7 10. a3 Nbd7 11. Qe2 Rc8 12. Rd1 Ne5 13. h6 gxh6 14. f4 Nc4 15.
Bc1 Rg8 16. Bf3 Qb6 17. e5 dxe5 18. fxe5 Bc5 19. Bxb7 Qxb7 20. Qf3 Qxf3 21.
Nxf3 Ng4 22. Ne4 Ke7 23. b3 Ncxe5 24. Nxe5 Nxe5 25. Bxh6 f5 26. Ng3 Bxa3 27.
Ra1 Bb4+ 28. Kd1 a5 29. Bf4 Rgd8+ 30. Ke2 Rxc2+ 31. Kf1 Nf7 32. Ne2 e5 33. Bg3
Ke6 34. Be1 Bxe1 35. Kxe1 Rdd2 0-1

[Event "WCPL 2018-9"]
[Site "?"]
[Date "2019.04.28"]
[Round "5.4"]
[White "Van Kemenade, Rudy"]
[Black "Perrett, Dave"]
[Result "0-1"]
[WhiteElo "1925"]
[BlackElo "1927"]
[PlyCount "108"]
[EventDate "2018.??.??"]
[EventType "team"]
[EventRounds "5"]
[EventCountry "WLS"]
[WhiteTeam "Cardigan"]
[BlackTeam "The Full Ponty"]

1. Nf3 f5 2. e4 fxe4 3. Ng5 Nf6 4. d3 e6 5. Nc3 Be7 6. dxe4 Nc6 7. Bb5 O-O 8.
O-O Ne5 9. f4 Nf7 10. Nxf7 Rxf7 11. e5 Ne8 12. Bd3 Bc5+ 13. Kh1 g6 14. Ne4 Be7
15. Be3 d5 16. Nf2 c5 17. c3 Bd7 18. Ng4 Bf8 19. Rf3 Bc6 20. Rh3 b6 21. Qe2 Bg7
22. Rf1 Nc7 23. Qe1 Bb5 24. Bxb5 Nxb5 25. Bf2 Nc7 26. Bh4 Qf8 27. Bf6 Ne8 28.
Bxg7 Kxg7 29. Qh4 Kh8 30. Qg5 Qg7 31. Nh6 Rd7 32. Qg4 Re7 33. Qh4 Rc8 34. g4
Nc7 35. f5 exf5 36. gxf5 g5 37. Qg4 Qxe5 38. Qxg5 Rg7 39. Qh5 Rf8 40. Rhf3 Qe4
41. Qh3 Ne8 42. f6 Rxf6 43. Nf5 Rgf7 44. Ng3 Rxf3 45. Nxe4 Rxf1+ 46. Kg2 dxe4
47. Qe6 R7f2+ 48. Kg3 Rf3+ 49. Kg2 Nf6 50. Qe7 R1f2+ 51. Kg1 e3 52. Qf8+ Ng8
53. Qe8 e2 54. Qe5+ Rf6 0-1

[Event "WCPL 2018-9"]
[Site "?"]
[Date "2019.04.28"]
[Round "5.5"]
[White "Waterfield, John W"]
[Black "Haigh, Tony"]
[Result "1/2-1/2"]
[WhiteElo "1928"]
[BlackElo "1756"]
[PlyCount "130"]
[EventDate "2018.??.??"]
[EventType "team"]
[EventRounds "5"]
[EventCountry "WLS"]
[WhiteTeam "The Full Ponty"]
[BlackTeam "Cardigan"]

1. e4 e6 2. d4 d5 3. Nc3 Nf6 4. e5 Nfd7 5. f4 c5 6. Nf3 Nc6 7. Be3 a6 8. Qd2 b5
9. dxc5 Bxc5 10. Nd4 Nxd4 11. Bxd4 Bxd4 12. Qxd4 Qb6 13. O-O-O b4 14. Na4 Qxd4
15. Rxd4 a5 16. Bb5 Rb8 17. Bc6 Kd8 18. Bxd7 Bxd7 19. Nc5 Rb5 20. Nb3 a4 21.
Nd2 Ke7 22. Rd1 Rc8 23. Ne4 dxe4 24. Rxd7+ Ke8 25. R7d4 Rbc5 26. R1d2 e3 27.
Re2 Rc4 28. Rxc4 Rxc4 29. g3 b3 30. axb3 axb3 31. Kd1 Rd4+ 32. Kc1 Rc4 33. Kd1
Rd4+ 34. Ke1 bxc2 35. Rxc2 Rb4 36. Re2 f6 37. exf6 gxf6 38. Kd1 Kd7 39. Kc2 e5
40. fxe5 fxe5 41. Rxe3 Ke6 42. Kc3 Rd4 43. b4 h5 44. h3 Kf5 45. Rd3 Re4 46. b5
Ra4 47. b6 Ra8 48. b7 Rb8 49. Rd7 Ke4 50. Kc4 Kf3 51. g4 hxg4 52. hxg4 Kxg4 53.
Kd5 Kf5 54. Rf7+ Kg6 55. Rd7 Kf5 56. Kc6 e4 57. Kc7 Rh8 58. Rd8 Rh7+ 59. Kc6
Rxb7 60. Kxb7 e3 61. Kc6 Ke4 62. Kc5 e2 63. Kc4 Ke3 64. Re8+ Kd2 65. Rd8+ Kc2
1/2-1/2

[Event "WCPL 2018-9"]
[Site "?"]
[Date "2019.04.28"]
[Round "5.6"]
[White "Van Kemenade, Julie"]
[Black "Thomas, Roy"]
[Result "1-0"]
[WhiteElo "1707"]
[BlackElo "1737"]
[PlyCount "83"]
[EventDate "2018.??.??"]
[EventRounds "5"]
[EventCountry "WLS"]
[WhiteTeam "Cardigan"]
[BlackTeam "The Full Ponty"]

1. e4 c5 2. Bc4 Nc6 3. c3 Nf6 4. d3 g6 5. Nd2 d5 6. Bb3 Bg7 7. Ne2 Ne5 8. Bc2
O-O 9. O-O Qc7 10. h3 Rd8 11. f4 Nc6 12. Qe1 e5 13. Nf3 dxe4 14. dxe4 b6 15.
Qh4 Ba6 16. Re1 exf4 17. Bxf4 Qe7 18. Ng3 h5 19. e5 Nh7 20. Qxe7 Nxe7 21. e6
Bf6 22. exf7+ Kxf7 23. Nxh5 Bxc3 24. bxc3 gxh5 25. Bxh7 Ng6 26. Ne5+ Nxe5 27.
Rxe5 Bd3 28. Bxd3 Rxd3 29. Rf1 Kf6 30. Rxh5 Re8 31. Bc7+ Kg6 32. Rhf5 Rd7 33.
Bg3 Re2 34. Rf6+ Kg7 35. R6f2 Re3 36. Rf3 Re2 37. a4 Re4 38. Rf4 Re3 39. Rg4+
Kh7 40. Rf5 Re6 41. Bf4 Rg6 42. Rh5+ 1-0

[Event "WCPL 2018-9"]
[Site "?"]
[Date "2019.04.28"]
[Round "5.7"]
[White "Toczek, Grzegorz"]
[Black "Young, Alan"]
[Result "1-0"]
[WhiteElo "2245"]
[BlackElo "2021"]
[PlyCount "49"]
[EventDate "2018.??.??"]
[EventType "team"]
[EventRounds "5"]
[EventCountry "WLS"]
[WhiteTeam "Cardiff"]
[BlackTeam "White Knights"]

1. e4 e5 2. Nc3 Nf6 3. g3 d5 4. exd5 Nxd5 5. Bg2 Be6 6. Nge2 Nc6 7. O-O Be7 8.
d3 O-O 9. f4 Qd7 10. Kh1 exf4 11. Nxf4 Bg4 12. Qd2 Nxf4 13. Qxf4 Bd6 14. Qf2
Bh3 15. Bxh3 Qxh3 16. Ne4 Be5 17. c3 Rae8 18. Be3 b6 19. Rae1 Qg4 20. Qg2 Qd7
21. d4 Bd6 22. Qf3 Kh8 23. Nf6 Qh3 24. Nxe8 Rxe8 25. Qxc6 1-0

[Event "WCPL 2018-9"]
[Site "?"]
[Date "2019.04.28"]
[Round "5.8"]
[White "Garcia, Jason"]
[Black "Brown, Thomas"]
[Result "0-1"]
[WhiteElo "2024"]
[BlackElo "2079"]
[PlyCount "162"]
[EventDate "2018.??.??"]
[EventType "team"]
[EventRounds "5"]
[EventCountry "WLS"]
[WhiteTeam "White Knights"]
[BlackTeam "Cardiff"]

1. e4 c5 2. Nf3 g6 3. d4 cxd4 4. Qxd4 Nf6 5. Nc3 Nc6 6. Qa4 d6 7. e5 dxe5 8.
Nxe5 Bg7 9. Bb5 O-O 10. Nxc6 bxc6 11. Bxc6 Bd7 12. O-O Bxc6 13. Qxc6 Rb8 14.
Qc5 Rb7 15. g3 Nd7 16. Qe3 Ne5 17. b3 Qc8 18. Bd2 Rd8 19. Be1 Qc6 20. f4 Nd3
21. Qf3 Qxf3 22. Rxf3 Nxe1 23. Rxe1 Rd2 24. Rc1 Rc7 25. Ne4 Re2 26. Nf2 Rcxc2
27. Rxc2 Rxc2 28. a4 Bd4 29. Kf1 Rb2 30. Ng4 h5 31. Nf2 Bxf2 32. Rxf2 Rxb3 33.
Re2 e6 34. Re4 h4 35. Kg2 hxg3 36. hxg3 Ra3 37. Rc4 Kg7 38. Kh3 Kf6 39. Kg4 a5
40. Kh4 Ra1 41. Kg4 Rd1 42. Kf3 g5 43. Kg4 Kg6 44. fxg5 Rd5 45. Kf3 Rf5+ 46.
Kg4 Rxg5+ 47. Kf4 Rd5 48. g4 f6 49. Ke3 e5 50. Ke4 Rd6 51. Ke3 Kg5 52. Rc5 Rd4
53. Rxa5 Rxg4 54. Ra8 Kf5 55. a5 Rg3+ 56. Kd2 Ra3 57. Kc2 Ke4 58. Kb2 Rd3 59.
a6 Rd6 60. a7 Ra6 61. Rf8 Rxa7 62. Rxf6 Rc7 63. Rf1 Ke3 64. Re1+ Kf4 65. Rf1+
Kg3 66. Re1 Rc5 67. Kb3 Kf2 68. Kb4 Rd5 69. Rh1 e4 70. Kc4 Rd8 71. Rh2+ Kg3 72.
Rh7 e3 73. Kc3 e2 74. Re7 Kf2 75. Rf7+ Ke1 76. Kc2 Rc8+ 77. Kb2 Rc5 78. Rf6 Kd2
79. Rd6+ Ke3 80. Re6+ Kd3 81. Kb1 Rc4 0-1

[Event "WCPL 2018-9"]
[Site "?"]
[Date "2019.04.28"]
[Round "5.9"]
[White "Bullen, Alex"]
[Black "Hewitt, William"]
[Result "1-0"]
[WhiteElo "2100"]
[BlackElo "2018"]
[PlyCount "143"]
[EventDate "2018.??.??"]
[EventType "team"]
[EventRounds "5"]
[EventCountry "WLS"]
[WhiteTeam "Cardiff"]
[BlackTeam "White Knights"]

{[%evp 0,143,16,19,20,38,41,-5,-5,-28,-27,-14,-2,-28,9,-12,19,6,3,3,3,-15,22,
24,45,-12,32,17,35,-11,12,-31,-27,-27,-27,-27,-27,-47,2,-79,-77,-127,-19,-28,
15,-27,23,23,21,14,27,27,76,55,51,51,110,76,75,50,68,56,65,67,74,76,88,78,86,
89,83,86,102,95,103,105,109,104,109,88,67,62,94,70,94,81,109,78,78,31,118,105,
100,95,103,97,116,111,110,108,115,113,127,136,127,137,138,136,138,139,136,149,
143,143,144,143,143,140,179,153,156,117,133,133,133,133,153,153,153,153,153,
122,122,110,154,144,144,120,131,130,150,148,29995,29996,29997,29998]} 1. d4 Nf6
2. Nf3 g6 3. Nbd2 d5 4. b4 Bg7 5. e3 O-O 6. c4 c6 7. Be2 Nbd7 8. O-O dxc4 9.
Nxc4 Nb6 10. a4 Bg4 11. Nce5 Be6 12. Ba3 Nfd7 13. Nd3 Bd5 14. Qc2 Nc4 15. Nf4
Nxa3 16. Rxa3 Bxf3 17. Bxf3 e5 18. Ne2 exd4 19. Rd1 Qe7 20. Nxd4 Ne5 21. Qc5
Rfe8 22. Be2 Qxc5 23. bxc5 Bf8 24. Rc3 Red8 25. Rb1 Nd7 26. Rxb7 Nxc5 27. Rc7
Nxa4 28. R3xc6 Nb6 29. Nb5 Rdc8 30. Nxa7 Rxa7 31. Rxc8 Nxc8 32. Rxc8 Kg7 33. g3
Be7 34. Kg2 h5 35. h4 Bd6 36. Kf3 Re7 37. Rc6 Bc7 38. Bd3 Bb8 39. g4 hxg4+ 40.
Kxg4 Ba7 41. Ra6 Bb8 42. Ra5 Ba7 43. h5 gxh5+ 44. Rxh5 Rc7 45. Rh3 Bc5 46. Bf5
Be7 47. e4 Rc2 48. Rh7+ Kg8 49. f4 Rc5 50. e5 Bf8 51. Rh5 Be7 52. Be4 Ra5 53.
Rh3 Ra3 54. Rh2 Ra4 55. Kf5 Ra7 56. Rb2 Kg7 57. Bd5 Ra5 58. Rb7 Kf8 59. Bb3 Ra1
60. Ke4 Re1+ 61. Kf3 Rf1+ 62. Kg4 Rg1+ 63. Kf5 Rb1 64. Rb8+ Kg7 65. Re8 Bc5 66.
Bd5 Ra1 67. Rd8 Ra7 68. Kg4 Be7 69. Re8 Rc7 70. f5 Ba3 71. f6+ Kh7 72. Be4+ 1-0

[Event "WCPL 2018-9"]
[Site "?"]
[Date "2019.04.28"]
[Round "5.10"]
[White "Pleasants, Allan J"]
[Black "Fathallah, Joe"]
[Result "1-0"]
[WhiteElo "2075"]
[BlackElo "1958"]
[PlyCount "79"]
[EventDate "2018.??.??"]
[EventType "team"]
[EventRounds "5"]
[EventCountry "WLS"]
[WhiteTeam "White Knights"]
[BlackTeam "Cardiff"]

{[%evp 0,79,16,16,61,63,63,50,39,7,25,14,4,-2,0,-19,15,7,27,32,42,52,126,102,
125,95,106,90,90,71,94,41,134,19,166,129,129,98,88,39,171,124,249,148,265,236,
257,190,182,195,195,180,233,191,240,243,235,274,284,122,173,-3,-3,0,136,229,
250,373,399,399,395,462,447,200,447,490,837,837,29995,29996,29999,-30000]} 1.
Nf3 b6 2. e4 Bb7 3. d3 e6 4. Nbd2 d5 5. Be2 Nf6 6. e5 Nfd7 7. O-O Nc6 8. d4 g5
9. c3 Qe7 10. b4 O-O-O 11. Nb3 g4 12. Ne1 h5 13. b5 Ncb8 14. a4 f6 15. Nd3 Bg7
16. Bf4 Nf8 17. a5 Ng6 18. axb6 axb6 19. Ra7 Qf7 20. Be3 Bf8 21. f4 gxf3 22.
Rxf3 f5 23. Bg5 Be7 24. Bxe7 Qxe7 25. Qa1 c6 26. Nb4 cxb5 27. Bxb5 Nh4 28. Rf2
Rdg8 29. Ba6 Nxa6 30. Nxa6 Nxg2 31. Nac5 Ne3+ 32. Kh1 bxc5 33. Nxc5 Nc4 34.
Rxb7 Qxb7 35. Nxb7 Kxb7 36. Qb1+ Kc7 37. Qb4 Rh7 38. Ra2 Rb8 39. Ra7+ Kc8 40.
Qf8# 1-0

[Event "WCPL 2018-9"]
[Site "?"]
[Date "2019.04.28"]
[Round "5.11"]
[White "Ralphs, Nigel"]
[Black "May, Adam J"]
[Result "1/2-1/2"]
[WhiteElo "1979"]
[BlackElo "1915"]
[PlyCount "63"]
[EventDate "2018.??.??"]
[EventType "team"]
[EventRounds "5"]
[EventCountry "WLS"]
[WhiteTeam "Cardiff"]
[BlackTeam "White Knights"]

1. c4 e6 2. Nc3 d5 3. e3 Nf6 4. Nf3 Be7 5. b3 O-O 6. Bb2 dxc4 7. bxc4 c5 8. d4
cxd4 9. exd4 b6 10. Bd3 Bb7 11. O-O Nc6 12. Rc1 Rc8 13. Qe2 Re8 14. Rfd1 Nb4
15. Bb1 Bxf3 16. Qxf3 Rxc4 17. a3 Nbd5 18. Nxd5 Qxd5 19. Rxc4 Qxc4 20. d5 exd5
21. Bd4 Bd8 22. g3 Qe2 23. Kg2 Qxf3+ 24. Kxf3 Ne4 25. Ba2 Bf6 26. Bxd5 Nc3 27.
Bxc3 Bxc3 28. a4 Kf8 29. Bc4 g6 30. Rd7 Re7 31. Rxe7 Kxe7 32. Ke4 1/2-1/2

[Event "WCPL 2018-9"]
[Site "?"]
[Date "2019.04.28"]
[Round "5.12"]
[White "Bevan, Peter M"]
[Black "Jones, Derek"]
[Result "1-0"]
[WhiteElo "1920"]
[BlackElo "1925"]
[PlyCount "79"]
[EventDate "2018.??.??"]
[EventType "team"]
[EventRounds "5"]
[EventCountry "WLS"]
[WhiteTeam "White Knights"]
[BlackTeam "Cardiff"]

1. c4 Nf6 2. g3 c5 3. Bg2 d5 4. cxd5 Nxd5 5. Nc3 Nc7 6. a3 e5 7. b4 cxb4 8.
axb4 Be7 9. Nf3 Nd7 10. b5 O-O 11. O-O f5 12. d3 Kh8 13. Ba3 Bxa3 14. Rxa3 Qe7
15. Qa1 a6 16. Nd2 Rb8 17. Rb1 axb5 18. Nxb5 Nxb5 19. Rxb5 Nc5 20. Qc3 b6 21.
Nc4 e4 22. Rxb6 Rxb6 23. Nxb6 Be6 24. d4 Nb3 25. Rxb3 Bxb3 26. Qxb3 Qb7 27. Qe6
Qf7 28. Qxf7 Rxf7 29. e3 g5 30. Bf1 f4 31. gxf4 gxf4 32. exf4 Rxf4 33. d5 Kg7
34. d6 Rf6 35. d7 Rd6 36. Bh3 Kf6 37. Nc4 Rd1+ 38. Kg2 Ke7 39. Na5 Rd6 40. Nb7
1-0

[Event "WCPL 2018-9"]
[Site "?"]
[Date "2019.04.28"]
[Round "5.13"]
[White "Musson, Adam J"]
[Black "Morris, Charles F"]
[Result "0-1"]
[WhiteElo "2026"]
[BlackElo "2079"]
[PlyCount "112"]
[EventDate "2018.??.??"]
[EventType "team"]
[EventRounds "5"]
[EventCountry "WLS"]
[WhiteTeam "Nidum"]
[BlackTeam "Abergavenny"]

1. d4 e6 2. c4 d5 3. g3 c5 4. cxd5 Qxd5 5. Nf3 cxd4 6. Qxd4 Nf6 7. Nc3 Qa5 8.
Bg2 Nc6 9. Qc4 Bd7 10. O-O Be7 11. Bd2 Rc8 12. Qb3 O-O 13. Rfd1 Qa6 14. e4 Na5
15. Qc2 Nc4 16. Bg5 Bc6 17. e5 Bxf3 18. Bxf3 Nxe5 19. Bg2 h6 20. Bf4 Nc4 21.
Qb3 Na5 22. Qb5 Qxb5 23. Nxb5 Rc2 24. Rab1 a6 25. Nd4 Rc4 26. b3 Rcc8 27. b4
Nc6 28. b5 axb5 29. Rxb5 Rfd8 30. Bxc6 bxc6 31. Rbb1 c5 32. Nb5 Nd5 33. Bd2 Bf6
34. Rdc1 c4 35. Nc3 Rd7 36. Kf1 Ra7 37. Rb5 Bxc3 38. Bxc3 Rxa2 39. Kg2 Ra3 40.
Bd4 Rd3 41. Bc5 c3 42. Kf1 Rd2 43. Ke1 Rb2 44. Ra5 Rb7 45. Ke2 Rbc7 46. Ba3 Kh7
47. Kd3 Kg6 48. Kc2 Nf6 49. h4 Rd7 50. Bc5 Rd2+ 51. Kb3 Ne4 52. Be3 Rb2+ 53.
Ka3 Rcb8 54. h5+ Kh7 55. Bd4 R8b3+ 56. Ka4 Rb4+ 0-1

[Event "WCPL 2018-9"]
[Site "?"]
[Date "2019.04.28"]
[Round "5.14"]
[White "May, Frank"]
[Black "Evans, Craig"]
[Result "1/2-1/2"]
[WhiteElo "2030"]
[BlackElo "2002"]
[PlyCount "40"]
[EventDate "2018.??.??"]
[EventType "team"]
[EventRounds "5"]
[EventCountry "WLS"]
[WhiteTeam "Abergavenny"]
[BlackTeam "Nidum"]

1. d4 d5 2. Bf4 Nf6 3. e3 c5 4. c3 Nc6 5. Nd2 Qb6 6. Qb3 c4 7. Qc2 g6 8. f3 Bg7
9. Ne2 O-O 10. e4 e6 11. e5 Nd7 12. Bg3 f5 13. h4 Bxe5 14. dxe5 Ndxe5 15. Bxe5
Nxe5 16. Nd4 Nc6 17. O-O-O Nxd4 18. cxd4 Qxd4 19. Nxc4 Qf4+ 20. Qd2 Qc7 1/2-1/2

[Event "WCPL 2018-9"]
[Site "?"]
[Date "2019.04.29"]
[Round "5.15"]
[White "Saunders, Robert"]
[Black "Llewellyn, David"]
[Result "1/2-1/2"]
[WhiteElo "2086"]
[BlackElo "1868"]
[PlyCount "29"]
[EventDate "2018.??.??"]
[EventType "team"]
[EventRounds "5"]
[EventCountry "WLS"]
[WhiteTeam "Nidum"]
[BlackTeam "Abergavenny"]

1. e4 c5 2. Nc3 Nc6 3. g3 g6 4. Bg2 Bg7 5. d3 e6 6. Be3 d6 7. Qd2 Rb8 8. Nf3
Nd4 9. Bxd4 cxd4 10. Nb5 e5 11. Qb4 Bf8 12. Nxa7 Bd7 13. Nb5 Qb6 14. a4 Rc8 15.
O-O 1/2-1/2